Sunrom des Equipes de Premier League Saison 25/26 - Statistiques

Statistiques générales
  • Ce quiz a été pris 77 fois
  • Le résultat moyen est 12 sur 20
Statistiques - réponses
Equipe Sunrom % Correct
Nottingham Forest Reds / Garribaldis / Trichy Trees
98%
Liverpool Reds
97%
Chelsea Blues
95%
Arsenal Gunners
94%
Manchester City Citizens / Sky Blues
87%
Manchester United Red Devils
87%
Tottenham Hotspur Spurs / Lilywhites
77%
Wolverampton Wanderers Wolves
74%
Newcastle Magpies
69%
West Ham United Hammers / Irons
66%
Aston Villa Villans
61%
Brentford Bees
53%
Crystal Palace Eagles
42%
AFC Bournemouth Cherries
40%
Brighton And Hove Albion Seagulls
40%
Sunderland Black Cats
32%
Fulham Cottagers
27%
Everton Fc Toffees
27%
Burnley Clarets
11%
Leeds United Peacocks
8%
Aucun quiz correspondant
Distribution des résultats
% des personnes avec chaque résultat
Percentile par nombre de réponses
Votre historique - résultats
Vous n’avez pas pris ce quiz